Quiz wiedzy ogólnej #29 - Statystyki

Ogólne statystyki
  • Ten quiz został rozwiązany 331 razy
  • Średni wynik to 11 z 20
Statystyki odpowiedzi
Pytanie Odpowiedź % Poprawnych
Dokończ przysłowie: "Kłamstwo ma krótkie ____" nogi
99%
Jaka jest średnia temperatura ciała człowieka? 37 °C
98%
Jaki ludzki organ składa się z przedsionków i komór? Serce
98%
Jakie święto, które nie jest dniem wolnym od pracy obchodzone jest 2 maja w Polsce? Dzień {flagi}
87%
Jakie państwo jest także znane jako Birma? Mjanma
77%
Jak nazywa się środek zapobiegający poceniu się? Antyperspirant
71%
Jaki kanał łączy Morze Czerwone z Morzem Śródziemnym? Kanał Sueski
69%
Jaka jest stolica Walii? Cardiff
67%
Które państwo składa się z 26 kantonów? Szwajcaria
66%
Jak nazywa się reprezentacyjna ulica Łodzi, która jest także jedną z najdłuższych ulic handlowych w Europie? Ulica {Piotrkowska}
64%
Jakie zwierzę systematycznie po łacinie nazywa się Canis lupus familiaris? Pies
55%
Kto był ojcem Zeusa? Kronos
52%
Kto trenował psy aby śliniły się na dźwięk dzwonka? Iwan Pawłow
41%
Czyim utworem jest "Can't Help Falling in Love"? Elvis Presley
32%
Piotruś Pan żył w Nibylandii. Kto żył na ranczo Nibylandia w Kalifornii? Michael Jackson
32%
Który kreskówkowy złoczyńca jest entuzjastycznym klientem Firmy Acme? Wiluś E. Kojot
23%
"Którego państwa przywódcą był Anwar Sadat? Został on zamordowany w 1981 r., 2 lata po podpisaniu traktatu pokojowego z Izraelem." Egiptu
21%
Jaką część królika uznaje się za szczęśliwą? Stopę
21%
Kto wypowiedział słowa "Nie wiem, czy będzie jeszcze kiedy jaka Polska, ale tego jestem pewien, że nie będzie już Polaków"? Mikołaj I Romanow
11%
Jak nazywa się najbardziej znaczący mormoński uniwersytet? Uniwersytet Brighama Younga
10%
Nie znaleziono quizów pasujących do podanych kryteriów
Rozkład punktacji
Procent ludzi z każdym wynikiem
Percentyl według liczby udzielonych odpowiedzi
Twoja historia wyników
Nie rozwiązałeś tego quizu